000 00413nam a22001817a 4500
003 MPLRDC
005 20220104114136.0
008 210129b ||||| |||| 00| 0 eng d
020 _a962-238-094-8
082 _a857.457 FH
100 _a伏虎
245 _a清宫异闻
_c
250 _a第一版
260 _a
_b海峰出版社
_c1988
300 _b
650 _a历史小说
942 _cBK
_o857.457 FH
999 _c5158
_d5148